[Event "Lazy Baltic Pearl op-A 18th"]
[Site "Lazy"]
[Date "2022.07.04"]
[Round "9"]
[White "Przybylski, Bartosz1111"]
[Black "Galeziewski, Olaf"]
[Result "1/2-1/2"]
[WhiteElo "1679"]
[BlackElo "1633"]
[PlyCount "32"]
[EventDate "2022.06.26"]
[EventType "swiss"]
[EventRounds "9"]
[EventCountry "POL"]
[SourceTitle "CBM 209 Extra"]
[Source "ChessBase"]
[SourceDate "2022.09.30"]
[SourceVersion "1"]
[SourceVersionDate "2022.09.30"]
[SourceQuality "1"]

1. c4 Nf6 2. d4 g6 3. Nc3 Bg7 4. g3 0-0 5. Bg2 d6 6. e4 Nc6 7. h3 e5 8. d5 Nd4 9. Nge2 Nxe2 10. Nxe2 Nh5 11. g4 Nf4 12. Nxf4 exf4 13. Bxf4 Bxb2 14. Rb1 Qf6 15. Bh6 Re8 16. 0-0 Qh4 1/2-1/2

[Event "Lazy Baltic Pearl op-A 18th"]
[Site "Lazy"]
[Date "2022.06.30"]
[Round "5"]
[White "Galeziewski, Olaf"]
[Black "Hasinski, Krystian"]
[Result "1-0"]
[WhiteElo "1633"]
[BlackElo "1714"]
[PlyCount "95"]
[EventDate "2022.06.26"]
[EventType "swiss"]
[EventRounds "9"]
[EventCountry "POL"]
[SourceTitle "CBM 209 Extra"]
[Source "ChessBase"]
[SourceDate "2022.09.30"]
[SourceVersion "1"]
[SourceVersionDate "2022.09.30"]
[SourceQuality "1"]

1. d4 d5 2. c4 c6 3. Nc3 e6 4. Nf3 Nf6 5. Bg5 Nbd7 6. e3 Bb4 7. Qc2 Qa5 8. Nd2 0-0 9. Be2 dxc4 10. Bxf6 Nxf6 11. Nxc4 Qd5 12. 0-0 Bxc3 13. bxc3 h6 14. Ne5 Nd7 15. e4 Qa5 16. Nc4 Qc7 17. e5 c5 18. Qe4 Rb8 19. Nd6 f5 20. Qe3 a6 21. a4 Nb6 22. dxc5 Nd5 23. Qd4 Bd7 24. a5 Bc6 25. Rfb1 g5 26. Rb3 Nf4 27. Bf1 Bxg2 28. Bxg2 Ne2+ 29. Kf1 Nxd4 30. cxd4 h5 31. Rb6 h4 32. Nxb7 h3 33. Bh1 Rxb7 34. Rxb7 Qd8 35. Ra4 Rf7 36. c6 Rxb7 37. cxb7 Qc7 38. Bc6 Kg7 39. Rc4 Qxa5 40. b8Q Qa1+ 41. Ke2 Qa2+ 42. Kd3 Qxf2 43. Qb7+ Kh6 44. Qxa6 Qxh2 45. Bf3 g4 46. Qxe6+ Kg5 47. Qf6+ Kf4 48. d5+ 1-0

[Event "POL-ch U17 Qual"]
[Site "Jastrzebia Gora"]
[Date "2021.11.21"]
[Round "9"]
[White "Wolny, Dawid"]
[Black "Galeziewski, Olaf"]
[Result "1-0"]
[WhiteElo "1433"]
[BlackElo "1607"]
[PlyCount "51"]
[EventDate "2021.11.15"]
[EventType "swiss"]
[EventRounds "9"]
[EventCountry "POL"]
[SourceTitle "EXT 2023"]
[Source "ChessBase"]
[SourceDate "2022.10.05"]
[SourceVersion "1"]
[SourceVersionDate "2022.10.05"]
[SourceQuality "1"]

1. e4 g6 2. d4 Bg7 3. Nc3 c5 4. dxc5 Bxc3+ 5. bxc3 Qa5 6. Qd3 Nc6 7. f4 Qxc5 8. Be3 Qa5 9. Nf3 d6 10. Be2 Nf6 11. h3 0-0 12. 0-0 a6 13. g4 Nd7 14. Qd2 Nc5 15. Bd3 e5 16. f5 gxf5 17. gxf5 Bxf5 18. exf5 e4 19. Bh6 Kh8 20. Bxf8 Rxf8 21. Qh6 Rg8+ 22. Kh1 Qxc3 23. Rg1 Nd7 24. Rxg8+ Kxg8 25. Rg1+ Kh8 26. Ng5 1-0

[Event "POL-ch U17 Qual"]
[Site "Jastrzebia Gora"]
[Date "2021.11.16"]
[Round "3"]
[White "Bartlomowicz, Jakub"]
[Black "Galeziewski, Olaf"]
[Result "1/2-1/2"]
[WhiteElo "1842"]
[BlackElo "1607"]
[PlyCount "64"]
[EventDate "2021.11.15"]
[EventType "swiss"]
[EventRounds "9"]
[EventCountry "POL"]
[SourceTitle "EXT 2023"]
[Source "ChessBase"]
[SourceDate "2022.10.05"]
[SourceVersion "1"]
[SourceVersionDate "2022.10.05"]
[SourceQuality "1"]

1. e4 c5 2. Nf3 e6 3. d4 cxd4 4. Nxd4 Nf6 5. Nc3 Nc6 6. a3 Be7 7. Be3 0-0 8. Be2 Qc7 9. 0-0 d6 10. f4 a6 11. Qe1 Nxd4 12. Bxd4 b5 13. Qg3 Bb7 14. Bf3 Rfd8 15. Kh1 Rac8 16. Rad1 Ba8 17. Qf2 Nd7 18. Qg3 Nf6 19. e5 dxe5 20. Bxe5 Qa7 21. Ne4 Bxe4 22. Bxe4 Rxd1 23. Rxd1 Rd8 24. Rxd8+ Bxd8 25. Bxh7+ Kxh7 26. Qd3+ Kh6 27. Qxd8 Qf2 28. h3 Qxc2 29. Kh2 Qf2 30. Qd4 Ng4+ 31. hxg4 Qh4+ 32. Kg1 Qe1+ 1/2-1/2